[Event "FRA-chT4 0304"]
[Site "Bretagne"]
[Date "2004.01.18"]
[Round "4"]
[White "Schutz, Vincent"]
[Black "Le Goff, Samuel"]
[Result "1-0"]
[WhiteElo "1660"]
[BlackElo "1550"]
[PlyCount "121"]
[EventDate "2003.10.12"]
[EventType "team"]
[EventRounds "9"]
[EventCountry "FRA"]
[SourceTitle "EXT 2005"]
[Source "ChessBase"]
[SourceDate "2004.11.15"]
[SourceVersion "1"]
[SourceVersionDate "2004.11.15"]
[SourceQuality "1"]

1. e4 e5 2. Nc3 Nf6 3. f4 d6 4. Nf3 exf4 5. d4 Bg4 6. Bxf4 Nbd7 7. Bc4 h6 8. h3 Bh5 9. Qe2 Bxf3 10. Qxf3 Qe7 11. 0-0-0 Nb6 12. Bb3 0-0-0 13. Rhe1 Nfd7 14. a4 g5 15. Bg3 Bg7 16. a5 Na8 17. a6 c6 18. e5 dxe5 19. dxe5 Nxe5 20. Qf5+ Kb8 21. Bxe5+ Bxe5 22. Rxe5 Qc7 23. axb7 Kxb7 24. Ne4 Nb6 25. Nc5+ Ka8 26. Rxd8+ Rxd8 27. Qf6 Nd7 28. Nxd7 Qxd7 29. c3 Qd2+ 30. Kb1 Qd3+ 31. Bc2 Qd6 32. Qxd6 Rxd6 33. Re8+ Kb7 34. Re7+ Kb6 35. Rxf7 a5 36. Kc1 Re6 37. Kd2 Kc5 38. Rf5+ Kb6 39. g3 Rd6+ 40. Ke3 c5 41. Re5 Kb5 42. Bd3+ Kb6 43. Ke4 Rf6 44. Rf5 Re6+ 45. Kd5 Re3 46. Rf6+ Kc7 47. Rc6+ Kb8 48. Ba6 Ka7 49. Kxc5 Rxg3 50. Kb5 Re3 51. Rc7+ Ka8 52. Rc6 h5 53. Kb6 Re8 54. Rc8+ Rxc8 55. Bxc8 Kb8 56. Bf5 a4 57. c4 Ka8 58. c5 Kb8 59. c6 a3 60. c7+ Ka8 61. c8Q# 1-0

[Event "Ile et Vilaine-ch"]
[Site "Ile et Vilaine"]
[Date "2002.11.09"]
[Round "2"]
[White "Schutz, Vincent"]
[Black "Manzano, Pascal"]
[Result "1-0"]
[WhiteElo "1460"]
[BlackElo "1499"]
[PlyCount "81"]
[EventDate "2002.10.19"]
[EventType "swiss"]
[EventRounds "7"]
[EventCountry "FRA"]
[SourceTitle "EXT 2008"]
[Source "ChessBase"]
[SourceDate "2007.11.25"]
[SourceVersion "1"]
[SourceVersionDate "2007.11.25"]
[SourceQuality "1"]

1. e4 e5 2. f4 Nc6 3. Nf3 d6 4. h3 Nf6 5. Nc3 g6 6. Bc4 Be6 7. Bxe6 fxe6 8. 0-0 exf4 9. d4 Nh5 10. d5 exd5 11. exd5 Ne7 12. Nd4 Qd7 13. Ne6 Ng7 14. Ne4 Nxd5 15. Nxg7+ Bxg7 16. Qxd5 0-0-0 17. Bxf4 Bxb2 18. Rab1 c6 19. Nxd6+ Qxd6 20. Bxd6 cxd5 21. Bc5 b6 22. Bxb6 axb6 23. Rxb2 Kc7 24. Rf7+ Kc6 25. Rf6+ Rd6 26. Rxd6+ Kxd6 27. Rxb6+ Kc5 28. Rb7 h6 29. Kf2 Ra8 30. Rg7 Rxa2 31. Kf3 Rxc2 32. Rc7+ Kd4 33. Rxc2 Kd3 34. Rc6 d4 35. Rxg6 h5 36. Rh6 Kd2 37. Rxh5 d3 38. Rd5 Kc2 39. g4 d2 40. Rxd2+ Kxd2 41. g5 1-0